Kreslennja pidručnyk dlja 8 klasu zahaľnoosvitn'oji školy

Bibliographic Details
Main Authors: Kremer, Emil (Author), Pivovarník, Ján, 1912-1964 (Author)
Other Authors: Kravčuk, P. (Translator)
Format: Book
Language:Ukrainian
Slovak
PhysicalDescription:146, [2] s. 8°
Published: Bratislava Slovenské pedagogické nakladateľstvo 1956
Edition:1. ukr. vyd.
Subjects:

MARC

LEADER 00000cam a2200000 a 4500
001 vtls008324068
003 SK-MaSNL
005 20260302074322.0
008 240318s1956 xo a 000 0 ukr
015 |a SKSNBA1956/06-00718 
035 |a SK01SNK19560016285 
035 |a SKM000018748 
040 |a SNK  |b slo  |c SNK  |e AACR2 
041 1 |a ukr  |h slo 
044 |a xo  |c SK 
080 |a 741/744(075.4)  |2 1981 
100 1 |a Kremer, Emil  |4 aut  |9 739814 
245 1 0 |a Kreslennja  |b pidručnyk dlja 8 klasu zahaľnoosvitn'oji školy  |c avtory: E. Kremer, J. Pyvovarnik ; iz slov. movy pereklav P. Kravčuk 
250 |a 1. ukr. vyd. 
260 |a Bratislava  |b Slovenské pedagogické nakladateľstvo  |c 1956  |e Prešov  |f Dukelské tlačiarne 
300 |a 146, [2] s.  |c 8° 
366 |e 1400 výtl. 
500 |a Ilustr. Pozn. Abecedný ukazovateľ 
650 0 7 |a rysovanie  |x učebnice všeobecnovzdel. škôl s vyuč. jaz. ukr. (8. roč.)  |2 SNK  |9 739815 
655 7 |a učebnice  |2 SNKPH  |9 22521 
700 1 |a Pivovarník, Ján,  |d 1912-1964  |4 aut  |9 191133 
700 1 |a Kravčuk, P.  |4 trl  |9 556572 
852 |a Slovenská národná knižnica v Martine  |b 10000  |h SD 11084 
919 |a brož. 
958 |a OND 
958 |a TL 
958 |a RK 
958 |a UC 
999 |c 1164577  |d 1166507 
952 |a SNK  |b SNK  |y PREZ  |7 0  |p 17A0466741  |o snkSD 11084  |i snkKSP 1850/56  |3 rekatalogizácia  |0 0  |1 0  |4 0  |d 2005-04-30  |l 0  |r 2025-11-25 00:00:00  |w 2026-02-24 
952 |a SNK  |b SNK  |y VYP  |7 0  |p 17A1187596  |o snkSD 11084 D1  |i snkKSP 1851/56  |0 0  |1 0  |4 0  |d 2017-06-05  |l 0  |r 2026-02-24 20:45:02  |w 2026-02-24